| 000 | 00843cam a22002655i 4500 | ||
|---|---|---|---|
| 999 |
_c17229 _d17201 |
||
| 003 | EG-ScBUE | ||
| 005 | 20210203114316.0 | ||
| 008 | 130205s2012 ua g 000 f ara d | ||
| 017 | _a2012 / 3100 | ||
| 020 | _a9789770931110 | ||
| 040 |
_aEG-ScBUE _bara _erda _cEG-ScBUE _dEG-ScBUE |
||
| 082 | 0 | 4 |
_a892.737 _bم ر ا _222 |
| 100 | 1 |
_aمراد، أحمد، _d1978- _eمؤلف. |
|
| 245 | 1 | 0 |
_aفيرتيجو / _cأحمد مراد. |
| 250 | _aالطبعة الثانية. | ||
| 264 | 1 |
_aالقاهرة : _bدار الشروق، _c2012. |
|
| 300 |
_a383 صفحة ؛ _c20 سم |
||
| 336 |
_aنص _btxt _2rdacontent |
||
| 337 |
_aبدون وسيط _bn _2rdamedia |
||
| 338 |
_aمجلد _bnc _2rdacarrier |
||
| 650 | 7 |
_aالقصص العربية _yقرن 21. _2BUEsh |
|
| 651 | _2BUEsh | ||
| 653 |
_bARALIT _bGGEN _cFebruary2021 |
||
| 942 |
_2ddc _cBB |
||